000 00304nam a22001337a 4500
008 181105b xxu||||| |||| 00| 0 eng d
020 _a7567087668
041 _aeng
080 _a321
100 _a21
101 _aPOL
245 _aSpliting And Projective Indefication
_cJmaes.s.g
942 _2udc
_cBK
999 _c51845
_d51845